Szczegóły MARC21

Das Treffen in Telgte : eine Erzählung ; Kopfgeburten oder die Deutschen sterben aus /

003 -Nazwa inst., której nr kontr. jest w polu 001 [,]
    • @
    • Nazwa instytucji, której n kontrolny jest w polu 001
    • NUKAT
005 -DATA I CZAS OSTATNIEJ MODYFIKACJI [,]
    • @
    • pole kontrolne
    • 20241231102806.0
020 -Międzynarod. znormalizowany nr książki - ISBN [ , ]
    • a
    • Numer ISBN
    • 3472866446 Find
    • q
    • Dopowiedzenie
    • Broschur
020 -Międzynarod. znormalizowany nr książki - ISBN [ , ]
    • a
    • Numer ISBN
    • 3472866454 Find
    • q
    • Dopowiedzenie
    • Halbleinen
040 -Instytucja sporządzająca opis [ , ]
    • a
    • Instytucja, która sporządziła opis (NP)
    • GD U/DC
    • c
    • Instytucja, która sporządziła rekord (NP)
    • GD U/DC
    • d
    • Instytucja, która zmodyfikowała rekord (P)
    • GD U/DC
    • d
    • Instytucja, która zmodyfikowała rekord (P)
    • LUBL U/JL
    • d
    • Instytucja, która zmodyfikowała rekord (P)
    • OLSZT 003/baks
    • d
    • Instytucja, która zmodyfikowała rekord (P)
    • WR U/bks
942 -Rodzaj dokumentu [ , ]
    • c
    • Rodzaj dokumentu
    • Książka
100 -Hasło główne - nazwa osobowa [1, ]
    • a
    • Nazwa osobowa (NP)
    • Grass, Günter
    • d
    • Daty biograficzne (NP)
    • (1927-2015).
    • 9
    • KHW
    • 236475
240 -Tytuł ujednolicony [1,0]
    • a
    • Tytuł ujednolicony
    • Treffen in Telgte
    • l
    • Język tekstu
    • (niem.)
    • 9
    • KHW
    • 614415
245 -Strefa tytułu i oznaczenia odpowiedzialności [1,4]
    • a
    • Tytuł
    • Das Treffen in Telgte : Find
    • b
    • Ciąg dalszy tytułu (NP)
    • eine Erzählung ; Kopfgeburten oder die Deutschen sterben aus / Find
    • c
    • Pozostałe elementy strefy tytułu i oznaczenia odpowiedzialności (NP)
    • Günter Grass ; hrsg. von Christoph Sieger.
260 -Strefa adresu wydawniczego [ , ]
    • a
    • Miejsce wydania (P)
    • Darmstadt :
    • b
    • Nazwa wydawcy (P)
    • Luchterhand,
    • c
    • Data wydania (P)
    • cop. 1987.
300 -Strefa opisu fizycznego [ , ]
    • a
    • Określenie formy książki i/lub objętość (NP)
    • 311 s. ;
    • c
    • Format (NP)
    • 21 cm.
336 -Typ zawartości [ , ]
    • a
    • Termin opisujący typ zawartości
    • Tekst
    • b
    • Kod określający zawartość
    • txt
    • 2
    • Źródło (terminu i kodu)
    • rdacontent
337 -Typ mediów [ , ]
    • a
    • Tryb odtwarzania
    • Bez urządzenia pośredniczącego
    • b
    • Kod typu mediów
    • n
    • 2
    • Źródło (terminu i kodu)
    • rdamedia
338 -Typ/rodzaj nośnika [ , ]
    • a
    • Hasło opisujące typ nośnika
    • Wolumin
    • b
    • Kod typu nośnika
    • nc
    • 2
    • Źródło (terminu i kodu)
    • rdacarrier
490 -Strefa serii i książki wielotomowej - forma nie do wyszukiwania [1, ]
    • a
    • Tytuł (P)
    • Werkausgabe in zehn Bänden / Günter Grass ; hrsg. von Volker Neuhaus ; Find
    • v
    • Numeracja (P)
    • Bd. 6
080 -Uniwersalna Klasyfikacja Dziesiętna [ , ]
    • a
    • Symbol klasyfikacji
    • 830-1/-9(081)Grass G.=30
655 -Hasło w funkcji tematu formalnego [ ,7]
    • a
    • Hasło
    • Nowele niemieckie
    • y
    • Określnik chronologiczny
    • 1970-1990.
    • 2
    • Źródło terminu
    • kaba
    • 9
    • KHW
    • 371695
655 -Hasło w funkcji tematu formalnego [ ,7]
    • a
    • Hasło
    • Proza niemiecka
    • y
    • Określnik chronologiczny
    • 1970-1990.
    • 2
    • Źródło terminu
    • kaba
    • 9
    • KHW
    • 415365
980 -Symbol UKD [ , ]
    • a
    • UKD
    • 830-1/-9(081)Grass G.=30
700 -Hasło dodatkowe - nazwa osobowa [1, ]
    • a
    • Nazwa osobowa (NP)
    • Neuhaus, Volker Find
    • d
    • Daty biograficzne (NP)
    • (1943- ).
    • e
    • Określenie rodzaju współpracy
    • Red.
    • 9
    • KHW
    • 417473
700 -Hasło dodatkowe - nazwa osobowa [1,2]
    • a
    • Nazwa osobowa (NP)
    • Grass, Günter Find
    • d
    • Daty biograficzne (NP)
    • (1927-2015).
    • t
    • Tytuł ujednolicony/tytuł (NP)
    • Kopfgeburten oder Die Deutschen sterben aus Find
    • l
    • Język tekstu (NP)
    • (niem.)
    • 9
    • KHW
    • 634095
700 -Hasło dodatkowe - nazwa osobowa [1, ]
    • a
    • Nazwa osobowa (NP)
    • Sieger, Christoph. Find
    • e
    • Określenie rodzaju współpracy
    • Red.
    • 9
    • KHW
    • 634094
710 -Hasło dodatkowe - nazwa ciała zbiorowego [2, ]
    • a
    • Nazwa ciała zbiorowego lub nazwa geograficzna jako pierwszy element (NP)
    • Luchterhand Literaturverlag.
    • 4
    • Kod relacji
    • pbl
    • 9
    • KHW
    • 402242
800 -Hasło dodatkowe opisu książki wielotomowej - nazwa osobowa [1, ]
    • a
    • Nazwa osobowa (NP)
    • Grass, Günter
    • d
    • Daty biograficzne (NP)
    • (1927-2015).
    • t
    • Tytuł ujednolicony/tytuł (NP)
    • Werkausgabe in zehn Bänden
    • v
    • Oznaczenie tomu (NP)
    • Bd. 6
    • 9
    • KHW
    • 417472
920 -ISBN [ , ]
    • a
    • ISBN
    • 3-472-86644-6 Find
    • q
    • Dopowiedzenie
    • Broschur
920 -ISBN [ , ]
    • a
    • ISBN
    • 3-472-86645-4 Find
    • q
    • Dopowiedzenie
    • Halbleinen
Sygnatura Status udost. Numer inwentarzowy Lokalizacja Data inwentaryzacji
Germ. Opowiadania niemieckie-3G.13130BM1998-05-08